|
|
|
|
| LEADER |
00000nab a2200000uu 4500 |
| 001 |
vtls011154558 |
| 003 |
SK-MaSNL |
| 005 |
20260303121504.0 |
| 008 |
230131|1971 xo |||||||||||||||||slo| |
| 015 |
|
|
|a SNBRB
|
| 035 |
|
|
|a (urnnbn)urn:nbn:sk:snk:ar-a0a803
|
| 035 |
|
|
|a (uuid)edfe2d96-13c3-49ae-b186-29f2b8093bb7
|
| 035 |
|
|
|a urn:nbn:sk:snk-abb39r
|
| 040 |
|
|
|a SNKBUCL
|b slo
|c SNKBUCL
|e AACR2
|
| 041 |
0 |
|
|a slo
|
| 044 |
|
|
|a xo
|c SK
|
| 100 |
1 |
|
|a Hanes, Jozef,
|d 1932-
|4 aut
|9 191315
|
| 245 |
1 |
0 |
|a ŠTÚDIUM LYZIMETRICKÝCH VÔD HNEDOZEME NA SPRAŠI PRI INTENZÍVNOM HNOJENÍ MINERÁLNYMI HNOJIVAMI
|b I. PÔDNOKLIMATICKÉ PODMIENKY LYZIMETRICKÉHO POKUSU
|c Jozef Hanes, Ján Nichta
|
| 246 |
3 |
|
|a A STUDY OF LYSIMETRICAL WATERS OF BROWNEARTH IN THE LOES UNDER AN INTENSIVE MANURING WITH MNERAL FERTILIZERS
|
| 700 |
1 |
|
|a Nichta, Ján
|4 trl
|9 46003
|
| 773 |
0 |
|
|t Poľnohospodárstvo : časopis pre poľnohospodárske vedy
|g Roč. 17, č. 6 (1971), s. 450-462
|
| 954 |
|
|
|a odborná, vedecká literatúra pôvodná (slovenská)
|2 lita
|
| 958 |
|
|
|a OND
|
| 958 |
|
|
|a EUIPO
|
| 958 |
|
|
|a article14
|
| 999 |
|
|
|c 1915768
|d 1917698
|